El desarrollo psicológico del niño

Gardado en:
Detalles Bibliográficos
Autor Principal: Muller, Philippe (autor)
Formato: Libro
Idioma:Lingua castelá
Publicado: Madrid Guadarrama 1968
Series:Biblioteca para el Hombre Actual, 38
Subjects:
Tags: Engadir etiqueta
Sen Etiquetas, Sexa o primeiro en etiquetar este rexistro!

MARC

LEADER 00000nam a2200000 a 4500
001 UCI0472
003 CL-VaPUC
008 070511e19680000SP |||||||||||||||||spa|d
082 0 4 |a 155.4  |b MUL  |2 21 
100 |a Muller, Philippe  |e autor  |9 520622 
245 1 3 |a El desarrollo psicológico del niño 
300 |a 256 p 
942 |c BK 
945 |d 20070511 00:00:00  |a jtorresc 
260 |a Madrid  |b Guadarrama  |c 1968 
650 0 |a Psicología del niño  |9 307305 
650 0 |a Personalidad   |9 307255 
650 0 |a Desarrollo individual   |9 307875 
583 |a last modification  |c 20130107 12:31:48  |k Rodrigo Vera 
490 0 |a Biblioteca para el Hombre Actual, 38 
999 |c 325625  |d 325623 
952 |0 0  |1 0  |4 0  |6 155_400000000000000_MUL_1968  |7 0  |8 A  |9 406682  |a BIBGIM  |b BIBGIM  |d 2019-11-22  |i 4261690  |o 155.4 MUL 1968  |p 4261690  |r 2019-11-22  |w 2019-11-22  |y BK  |k GIM